书目信息 |
| 题名: |
循环流化床燃烧技术
|
|
| 作者: | 张缦 , 岳光溪 编 | |
| 分册: | ||
| 出版信息: | 北京 中国电力出版社 2022.05 |
|
| 页数: | 407页 | |
| 开本: | 23cm | |
| 丛书名: | ||
| 单 册: | ||
| 中图分类: | TK229.6 | |
| 科图分类: | ||
| 主题词: | 循化流化床锅炉--xun hua liu hua chuang guo lu--锅炉燃烧 | |
| 电子资源: | ||
| ISBN: | 978-7-5198-6279-4 | |
| 000 | 01101nam0 2200229 450 | |
| 001 | 011025153308 | |
| 005 | 20221025153308.0 | |
| 010 | @a978-7-5198-6279-4@dCNY88.00 | |
| 100 | @a20201004d2022 em y0chiy0110 ea | |
| 101 | 0 | @achi |
| 102 | @aCN@b110000 | |
| 105 | @ay z 000yy | |
| 106 | @ar | |
| 200 | 1 | @a循环流化床燃烧技术@Axun huan liu hua chuang ran shao ji shu@f张缦, 岳光溪主编 |
| 210 | @a北京@c中国电力出版社@d2022.05 | |
| 215 | @a407页@d23cm | |
| 330 | @a《循环流化床燃烧技术》结合循环流化床燃烧技术发展历程,系统介绍了循环流化床燃烧技术的主要技术基础,重点分析了中国的循环流化床燃烧理论创新与工程实践,详细总结了循环流化床燃烧技术在生物质、煤气化和垃圾焚烧领域的应用,深入讨论了循环流化床燃烧技术的炉内脱硫、低氮燃烧的基本原理,展望了能源转型、碳中和背景下的循环流化床燃烧技术的重要作用和发展方向。本书内容丰富、深入浅出,设计行业宏观现状、基础理论、关键技术和发展战略。 | |
| 606 | 0 | @a循化流化床锅炉@Axun hua liu hua chuang guo lu@x锅炉燃烧 |
| 690 | @aTK229.6@v5 | |
| 701 | 0 | @a张缦@Azhang man@4编 |
| 701 | 0 | @a岳光溪@Ayue guang xi@4主编 |
| 905 | @a河南城建学院图书馆@dTK229.6@eZ145 | |
| 循环流化床燃烧技术/张缦, 岳光溪主编.-北京:中国电力出版社,2022.05 |
| 407页;23cm |
| ISBN 978-7-5198-6279-4:CNY88.00 |
| 《循环流化床燃烧技术》结合循环流化床燃烧技术发展历程,系统介绍了循环流化床燃烧技术的主要技术基础,重点分析了中国的循环流化床燃烧理论创新与工程实践,详细总结了循环流化床燃烧技术在生物质、煤气化和垃圾焚烧领域的应用,深入讨论了循环流化床燃烧技术的炉内脱硫、低氮燃烧的基本原理,展望了能源转型、碳中和背景下的循环流化床燃烧技术的重要作用和发展方向。本书内容丰富、深入浅出,设计行业宏观现状、基础理论、关键技术和发展战略。 |
| ● |
| 相关链接 |
|
|
|
正题名:循环流化床燃烧技术
索取号:TK229.6/Z145
 
预约/预借
| 序号 | 登录号 | 条形码 | 馆藏地/架位号 | 状态 | 备注 |
| 1 | 1587392 | 215873927 | 自科库501/501自科库 136排5列4层/ [索取号:TK229.6/Z145] | 在馆 | |
| 2 | 1587393 | 215873936 | 自科库501/501自科库 136排5列4层/ [索取号:TK229.6/Z145] | 在馆 |